Statistics for Oklahoma City Thunder 20 Points Per Game Players

Click here to take the quiz!

General Stats

  • This quiz has been taken 66 times
    (44 since last reset)
  • The average score is 10 of 17

Answer Stats

#PlayersLast% Correct
7Gary Payton2003
100%
8Kevin Durant2016
100%
9Russell Westbrook2019
100%
2Paul George2019
97%
2Shai Gilgeous-Alexander2023
94%
4Ray Allen2007
85%
4Dale Ellis1990
53%
3Gus Williams1983
53%
3Rashard Lewis2007
53%
4Spencer Haywood1975
47%
4Xavier McDaniel1990
44%
2Fred Brown1976
41%
3Tom Chambers1988
35%
1Lenny Wilkens1969
29%
1Ricky Pierce1992
26%
2Bob Rule1970
15%
1Walt Hazzard1968
6%

Score Distribution

Percentile by Number Answered

Percent of People with Each Score

Your Score History

You have not taken this quiz since the last reset